Sports Quiz

Random Sports or Play Quiz

Work Hard, Play Hard Universities Quiz Stats

Quiz not verified by Sporcle

Challenge
Share
Tweet
Embed
Score 0/21 Timer 05:00
0 Plays Today
US News Ranking University % Correct
5Stanford
90.2%
9Duke
87.5%
29Michigan
86.6%
25UCLA
85.1%
23Southern California
82.8%
45Texas
81.1%
22California
80.5%
12Northwestern
75.7%
25Virginia
75.1%
19Notre Dame
73.9%
17Vanderbilt
71.1%
US News Ranking University % Correct
47Penn State
71.1%
45Wisconsin
69.9%
30North Carolina
69.2%
41Washington
67.6%
35Georgia Tech
66.1%
47Illinois
63.6%
31Boston College
62.9%
47Miami (FL)
62.9%
25Wake Forest
59.5%
17Rice
56.1%

You're not logged in!

Compare scores with friends on all Sporcle quizzes.
Sign Up with Email
OR
Log In

You Might Also Like...

Show Comments

Extras

Top Quizzes Today


Score Distribution

Your Account Isn't Verified!

In order to create a playlist on Sporcle, you need to verify the email address you used during registration. Go to your Sporcle Settings to finish the process.

Report this User

Report this user for behavior that violates our Community Guidelines.

Details: